| 000 | 00443nam a2200157Ia 4500 | ||
|---|---|---|---|
| 005 | 20250320034937.0 | ||
| 008 | 240331s9999 xx 000 0 und d | ||
| 020 | _a8190421158 | ||
| 082 |
_bMUN _a894 |
||
| 100 | _aMunish,V | ||
| 245 | 0 | _aThamil ilakkiyathil aravaanikal | |
| 260 |
_aMadurai _bJayam Pathipakam _c2008 |
||
| 300 | _a112 p ., | ||
| 500 | _aAravaanikalai patri poorithalum Tamil Ilakkiyathil Avarakalai patriye aayvu | ||
| 942 | _cL | ||
| 999 |
_c4646 _d4646 |
||